000 00423nam a2200169Ia 4500
003 OSt
005 20260306110234.0
008 211028s2009 xx 000 0 und d
040 _cAIMIT LIBRARY
041 _aeng
100 _aK, Deepa;Smitha.
_g60471417
_92961
110 _aRuben.
_92962
245 _aOnline examination System /
260 _aMangalore
_c2009
710 _aHewlett Packard.
_92963
942 _2ddc
_cPRO
999 _c217072
_d217072